Discurso del Rector con motivo de la Cuenta Anual. Claustro Pleno Ordinario 2000
Salvato in:
| Ente Autore: | |
|---|---|
| Natura: | Libro |
| Lingua: | spagnolo |
| Pubblicazione: |
Valparaíso
Dirección de Extensión y Difusión
2000
|
| Edizione: | 1a. ed |
| Serie: | Cuentas de Rectoría, 2000
|
| Soggetti: | |
| Tags: |
Aggiungi Tag
Nessun Tag, puoi essere il primo ad aggiungerne!!
|
MARC
| LEADER | 00000nam a2200000 a 4500 | ||
|---|---|---|---|
| 001 | UCJ7874 | ||
| 003 | CL-VaPUC | ||
| 005 | 20250228153030.0 | ||
| 008 | 070124e20001018CL |||||||||||||||||spa|d | ||
| 999 | |c 323740 |d 323738 | ||
| 040 | |c Pontificia Universidad Católica de Valparaíso | ||
| 082 | 0 | 4 | |a 378 |b UNI |2 21 |
| 110 | 2 | |a Universidad Católica de Valparaíso |e author |9 516309 | |
| 245 | 1 | 0 | |a Discurso del Rector con motivo de la Cuenta Anual. Claustro Pleno Ordinario 2000 |
| 250 | |a 1a. ed | ||
| 260 | |a Valparaíso |b Dirección de Extensión y Difusión |c 2000 | ||
| 300 | |a 40 p | ||
| 490 | 0 | |a Cuentas de Rectoría, 2000 | |
| 583 | |a last modification |c 20070124 00:00:00 |k Rodrigo Vera | ||
| 600 | |a Muga Naredo, Alfonso, |d 1944- |9 869109 | ||
| 650 | 0 | |a Claustro Pleno UCV 2000 |9 516310 | |
| 650 | 0 | |a Archivo histórico PUCV |9 255554 | |
| 942 | |c BK |2 ddc | ||
| 945 | |d 20070124 00:00:00 |a rinostro | ||
| 952 | |0 0 |1 0 |4 0 |6 378_000000000000000_UNI_2000 |7 0 |8 X |9 403518 |a FDOBUD |b FDOBUD |d 2019-11-22 |i 1069799 |o 378 UNI 2000 |p 1069799 |r 2019-11-22 |w 2019-11-22 |y BK_X |k FHP | ||
| 952 | |0 0 |1 0 |4 0 |6 378_000000000000000_UNI_2000 |7 0 |8 X |9 403519 |a FDOBUD |b FDOBUD |d 2019-11-22 |i 1069802 |o 378 UNI 2000 |p 1069802 |r 2019-11-22 |w 2019-11-22 |y BK_X |k FHP | ||